000
00452nam a2200181Ia 4500
008
090124s9999 xx 000 0 und d
082
_b
29899
_a
7264
100
_a
खरे नंदा
245
_a
संप्रति
250
_a
1
260
_c
1998
300
_a
206
600
_a
खरे नंदा
630
_a
संप्रति
700
_a
खरे नंदा
730
_a
संप्रति
942
_c
BOOK
999
_c
143381
_d
143381